<?xml version="1.0" encoding="UTF-8"?>
<record
    xmlns:xsi="http://www.w3.org/2001/XMLSchema-instance"
    xsi:schemaLocation="http://www.loc.gov/MARC21/slim http://www.loc.gov/standards/marcxml/schema/MARC21slim.xsd"
    xmlns="http://www.loc.gov/MARC21/slim">

  <leader>00916nam a22002657a 4500</leader>
  <controlfield tag="001">742</controlfield>
  <controlfield tag="003">gttocutb</controlfield>
  <controlfield tag="005">20250729183519.0</controlfield>
  <controlfield tag="007">ta</controlfield>
  <controlfield tag="008">250729e2010    gt adb|| |||| 001 0 spa|d</controlfield>
  <datafield tag="020" ind1=" " ind2=" ">
    <subfield code="a">9789929571150</subfield>
  </datafield>
  <datafield tag="040" ind1=" " ind2=" ">
    <subfield code="a">gttocutb</subfield>
    <subfield code="b">spa</subfield>
    <subfield code="c">gttocutb</subfield>
    <subfield code="d">gttocutb</subfield>
    <subfield code="e">rda</subfield>
  </datafield>
  <datafield tag="082" ind1="0" ind2=" ">
    <subfield code="a">306 C968</subfield>
  </datafield>
  <datafield tag="100" ind1="1" ind2=" ">
    <subfield code="a">Jocon Gonz&#xE1;lez, Mar&#xED;a Estela.</subfield>
    <subfield code="c">(autor)</subfield>
  </datafield>
  <datafield tag="245" ind1=" " ind2=" ">
    <subfield code="a">Cultura y g&#xE9;nero :</subfield>
    <subfield code="b">Ri b'antajilal xuquje' ri ixoqachilal /</subfield>
    <subfield code="c">Mar&#xED;a Estela Jocon Gonz&#xE1;lez, autor; Pedro Us, traductor.</subfield>
  </datafield>
  <datafield tag="264" ind1=" " ind2=" ">
    <subfield code="a">Guatemala</subfield>
    <subfield code="b">ESEDIR-PRODESSA</subfield>
    <subfield code="c">2010</subfield>
  </datafield>
  <datafield tag="300" ind1="1" ind2=" ">
    <subfield code="a">92 p&#xE1;ginas :</subfield>
    <subfield code="b">ilustraciones y mapas en negro y blanco;</subfield>
    <subfield code="c">27 cm</subfield>
  </datafield>
  <datafield tag="336" ind1=" " ind2=" ">
    <subfield code="2">rdacontenido</subfield>
    <subfield code="a">texto</subfield>
    <subfield code="b">txt</subfield>
  </datafield>
  <datafield tag="337" ind1=" " ind2=" ">
    <subfield code="2">rdamedio</subfield>
    <subfield code="a">sin mediaci&#xF3;n</subfield>
    <subfield code="b">n</subfield>
  </datafield>
  <datafield tag="338" ind1=" " ind2=" ">
    <subfield code="2">rdasoporte</subfield>
    <subfield code="a">volumen</subfield>
    <subfield code="b">nc</subfield>
  </datafield>
  <datafield tag="505" ind1="0" ind2=" ">
    <subfield code="g">Tabla de contenidos: </subfield>
  </datafield>
  <datafield tag="521" ind1="1" ind2=" ">
    <subfield code="a">Recomendado para p&#xFA;blico en general.</subfield>
  </datafield>
  <datafield tag="650" ind1="1" ind2=" ">
    <subfield code="2">LEMB</subfield>
    <subfield code="a">Educaci&#xF3;n. Cultura. Identidad. </subfield>
  </datafield>
  <datafield tag="942" ind1=" " ind2=" ">
    <subfield code="2">ddc</subfield>
    <subfield code="c">BK</subfield>
    <subfield code="n">0</subfield>
  </datafield>
  <datafield tag="999" ind1=" " ind2=" ">
    <subfield code="c">742</subfield>
    <subfield code="d">742</subfield>
  </datafield>
  <datafield tag="952" ind1=" " ind2=" ">
    <subfield code="0">0</subfield>
    <subfield code="1">0</subfield>
    <subfield code="2">ddc</subfield>
    <subfield code="4">0</subfield>
    <subfield code="7">0</subfield>
    <subfield code="8">gn</subfield>
    <subfield code="a">BICUNTOTO</subfield>
    <subfield code="b">BICUNTOTO</subfield>
    <subfield code="d">2012-06-04</subfield>
    <subfield code="e">donaci&#xF3;n</subfield>
    <subfield code="f">747</subfield>
    <subfield code="l">0</subfield>
    <subfield code="o">306 C968 c1</subfield>
    <subfield code="r">2025-07-29 18:40:00</subfield>
    <subfield code="w">2025-07-29</subfield>
    <subfield code="y">BK</subfield>
  </datafield>
  <datafield tag="952" ind1=" " ind2=" ">
    <subfield code="0">0</subfield>
    <subfield code="1">0</subfield>
    <subfield code="2">ddc</subfield>
    <subfield code="4">0</subfield>
    <subfield code="7">0</subfield>
    <subfield code="8">gn</subfield>
    <subfield code="a">BICUNTOTO</subfield>
    <subfield code="b">BICUNTOTO</subfield>
    <subfield code="d">2012-06-04</subfield>
    <subfield code="e">donaci&#xF3;n</subfield>
    <subfield code="f">553</subfield>
    <subfield code="l">0</subfield>
    <subfield code="o">306 C968</subfield>
    <subfield code="r">2025-07-29 18:40:00</subfield>
    <subfield code="w">2025-07-29</subfield>
    <subfield code="y">BK</subfield>
  </datafield>
  <datafield tag="952" ind1=" " ind2=" ">
    <subfield code="0">0</subfield>
    <subfield code="1">0</subfield>
    <subfield code="2">ddc</subfield>
    <subfield code="4">0</subfield>
    <subfield code="7">0</subfield>
    <subfield code="8">gn</subfield>
    <subfield code="a">BICUNTOTO</subfield>
    <subfield code="b">BICUNTOTO</subfield>
    <subfield code="d">2012-06-04</subfield>
    <subfield code="e">donaci&#xF3;n</subfield>
    <subfield code="f">747</subfield>
    <subfield code="l">0</subfield>
    <subfield code="o">306 C968 c2</subfield>
    <subfield code="r">2025-07-29 18:40:00</subfield>
    <subfield code="w">2025-07-29</subfield>
    <subfield code="y">BK</subfield>
  </datafield>
</record>
